1055 1374 1091 1269 1666 1156 1752 1343 1469 1974 1161 1812 1003 1999 1843 1298 1081 1605 1541 1899 1599 1069 1196 1140 1243 1266 1650 1215 1880 1342 1015 1621 1312 1270 1099 1061 1223 1049 1544 1086 1303 1191 1430 1606 1621 1032 1589 1734 1878 1756 1172 1677 1948 1817 1916 1279 1254 1172 1877 1994 1727 1133 1679 1216 1871 1534 1789 1439 1938 1227 1157 1072 1977 1096 1023 1351 1116 1064 1351 1351 1253 1265 1096 1777 1960 1887 1511 1529 1204 1340 1716 1977 1175 1627 1322 1749 1864 1617 1718 BCNSPRNW ULIB Ver.6.0+V

เปลี่ยนเป็นภาษาไทย

Change to English
 แสดงรายละเอียดบรรณานุกรม
  กลับหน้าหลัก

Brief Record : Get Marc (ISO 2709) : E-mail record : QR code < ปิดหน้าต่าง
LEADER : 00000nam 2200000uu 4500
001    13399107918
003     ULIB
008    110209s||||||||th 000 0 tha d
020    9745659061
060 04 WP140^bธ72น 2539
100 0  ธีระ ทองสง
245 10 นรีเวชวิทยา (ฉบับสอบบอร์ด) /^cธีระ ทองสง, จตุพล ศรีสมบูรณ์, อภิชาติ โอฬารรัตนชัย
250    (เรียบเรียงครั้งที่ 2 2539)
260    เชียงใหม่ :^bภาควิชาสูติศาสตร์และนรีเวชวิทยา คณะแพทยศาสตร์มหาวิทยาลัยเชียงใหม่,^c2539
300    [7], 674 หน้า :^bภาพประกอบ ;^c29 ซม.
650  7 การทำหมัน
650  7 นรีเวชวิทยา
700 0  จตุพล ศรีสมบูรณ์
700 0  อภิชาติ โอฬารรัตนชัย
710 2  มหาวิทยาลัยเชียงใหม่. ^bคณะแพทยศาสตร์.^bภาควิชาสูติศาสตร์และนรีเวชวิทยา
945    ^p780^l0^i013791
995    ทศพร
999 ^a ใช้งานได้ทุกระบบ
รายการนี้ยังไม่มีแท็ก
คุณยังไม่ได้ล็อกอิน คุณสามารถมีกิจกรรมร่วมกับเว็บไซต์ได้ แต่ต้องล็อกอินก่อน ::
  ล็อกอิน

รายการสื่อสารสนเทศ

ลำดับที่ ประเภท เลขเรียก/บาร์โค้ด สถานที่ สถานะ
- ไม่พบข้อมูล -

รายการใกล้เคียง
    ผู้แต่ง [ธีระ ทองสง]

    หัวเรื่อง [นรีเวชวิทยา]

BibComment


ยังไม่เคยถูกคอมเมนท์

คอมเมนท์ทรัพยากรรายการนี้
  คอมเมนท์: นรีเวชวิทยา ฉบับส..


 Copyright 2026. Bcnsprnw @Library